00823cam a22002293a 45000010005000000030006000050050017000110080041000280400015000690420007000840500011000911000057001022450175001592600029003345060030003635160020003936530048004136530022004616530041004838300028005248560041005525686PGUSA20140828083123.0040501s2004||||xxu|||||s|||||000 | eng d aPGUSAbeng adc 4aF350.51 aBishop, Nathaniel H.q(Nathaniel Holmes),d1837-190210aFour Months in a Sneak-Box :bA Boat Voyage of 2600 Miles Down the Ohio and Mississippi Rivers, and Along the Gulf of Mexicoh[electronic resource] /cNathaniel H. Bishop bProject Gutenberg,c2004 aPublic domain in the USA. aElectronic text aMississippi River -- Description and travel aBoats and boating aOhio River -- Description and travel 0aProject Gutenbergv568640uhttp://www.gutenberg.org/ebooks/5686